在日居住的中国人来源本籍最多的10个省区 - Statistics

General Stats
  • This quiz has been taken 52 times
  • The average score is 8 of 10
Answer Stats
人数 省区市 % Correct
105127 辽宁
94%
77753 黑龙江
90%
59353 山东
90%
56843 上海
88%
41066 江苏
88%
23506 北京
85%
64028 福建
83%
56909 吉林
83%
13757 浙江
81%
13927 河南
65%
No matching quizzes found
Score Distribution
Percent of People with Each Score
Percentile by Number Answered
Your Score History
You have not taken this quiz